000 01122nam a2200265Ia 4500
003 GCL
008 140319s9999 xx 000 0 ara d
020 _a8005829953
040 _aGCL /
_cGCL
082 0 4 _a303.483
_bأع
100 1 _aعلى محمد رحومة
245 1 0 _aالانترنت والمنظومة التكنو- اجتماعية :
_bبحث تحليلى فى الاية التقنية للانترنت ونمذجة منظومتها الاجتماعية /
_cعلى محمد رحومة
250 _aالاولى
260 _aبيروت :
_bمركز دراسات الوحدة العربية ،
_c2005
300 _a428ص ؛
_c24سم
490 _aسلسلة اطروحات الدكتوراة
_v53
650 0 4 _aالتطور الاجتماعى
650 0 4 _aالتكنولوجيا والدولة
650 0 4 _aالتكنولوجيا - خدمات المعلومات
650 0 4 _aالإنترنت
650 0 4 _aالتكنولوجيا - برامج الحاسبات
650 0 4 _aمجتمع المعلومات
650 0 4 _aالإنترنت - الجوانب الاجتماعية
942 _2ddc
_cBK
999 _c7515
_d7515